00393nam a2200181Ia 4500003000900000008004100009040001300050040001300063041000800076100002100084100000900105245004100114260002000155260000900175300001100184300001000195490000600205IT-RoPAU120407s9999 xx 000 0 und d aIT-RoPAU cIT-RoPAU aita aArmando Guidetti cs.j. aCristo è Dio, ma chi l’ha detto? aNuova Accademia c1959 a127 p. c18 cm v1